| 000 | 00634nam a22002297a 4500 | ||
|---|---|---|---|
| 005 | 20170124110014.0 | ||
| 010 | _aA-543872 | ||
| 020 | _c00.00 | ||
| 035 | _aA-543872 | ||
| 037 | _bCen Lib/ Ret | ||
| 040 |
_aDPL _bEN |
||
| 082 |
_a355.45 _bDUN |
||
| 100 |
_aDunbar, George _918319 |
||
| 245 |
_afrontiers / _cby George Dunbar |
||
| 260 |
_aNew Delhi _bOmsons publications _c1984 |
||
| 270 |
_bNew Delhi _aT-7, Rajouri garden |
||
| 300 |
_a320p.: _c21cm(Hb) _bill. |
||
| 500 | _aIncludes index | ||
| 650 |
_aSocial problems _999291 |
||
| 650 |
_aBritish empire _918321 |
||
| 942 |
_2ddc _cEN _h355.45 _mDUN |
||
| 999 |
_c126729 _d126729 |
||